书目信息 |
| 题名: |
唐人临黄庭经
|
|
| 作者: | 褚遂良 书 | |
| 分册: | ||
| 出版信息: | 北京 中国书店 2001.01 |
|
| 页数: | 1册 | |
| 开本: | 35cm | |
| 丛书名: | 晋唐名帖 | |
| 单 册: | ||
| 中图分类: | J292.24 | |
| 科图分类: | ||
| 主题词: | 楷书--法书--中国--唐代 , CT--S042846--楷书 , CT--S019188--法书 | |
| 电子资源: | ||
| ISBN: | 7-80663-019-8 | |
| 000 | 00803oam2 2200277 45 | |
| 001 | 012001037170 | |
| 005 | 20070928083628.19 | |
| 010 | @a7-80663-019-8@dCNY5.00 | |
| 100 | @a20010522d2001 em y0chiy0110 ea | |
| 101 | 0 | @achi |
| 102 | @aCN@b110000 | |
| 105 | @ay z 000yy | |
| 200 | 1 | @a唐人临黄庭经@ATang Ren Lin Huang Ting Jing@f[(唐)褚遂良书] |
| 210 | @a北京@c中国书店@d2001.01 | |
| 215 | @a1册@d35cm | |
| 225 | 2 | @a晋唐名帖 |
| 330 | @a《黄庭经》,小楷,世传为王羲之书,无确证,然历来有名,后人多临之。 | |
| 410 | 0 | @12001@a晋唐名帖 |
| 606 | 0 | @a楷书@x法书@y中国@z唐代 |
| 606 | 0 | @2CT@3S042846@a楷书 |
| 606 | 0 | @2CT@3S019188@a法书 |
| 690 | @aJ292.24@v4 | |
| 701 | 0 | @a褚遂良@Azhu sui liang@4书 |
| 801 | 0 | @aCN@bNLC@c20070928 |
| 905 | @aBZT@dJ292.24@e10 | |
| 906 | @dCNY5.00@n0@r1 | |
| 唐人临黄庭经/[(唐)褚遂良书].-北京:中国书店,2001.01 |
| 1册;35cm.-(晋唐名帖) |
| ISBN 7-80663-019-8:CNY5.00 |
| 《黄庭经》,小楷,世传为王羲之书,无确证,然历来有名,后人多临之。 |
| ● |
| 相关链接 |
|
|
|
正题名:唐人临黄庭经
索取号:J292.24/10
 
预约/预借
| 序号 | 登录号 | 条形码 | 馆藏地/架位号 | 状态 | 备注 |
| 1 | 587450 | 230156811 | 中心书库中库/ 中库018架B面2列5层13/ [索取号:J292.24/10] | 在馆 | |
| 2 | 587451 | 230156804 | 中心书库中库/ 中库018架B面2列5层28/ [索取号:J292.24/10] | 在馆 | |
| 3 | 587452 | 230156810 | 中心书库中库/ 中库018架B面2列5层56/ [索取号:J292.24/10] | 在馆 | |
| 4 | 587453 | 230156809 | 中心书库中库/ 中库018架B面2列5层22/ [索取号:J292.24/10] | 在馆 | |
| 5 | 587454 | 230156808 | 中心书库中库/ 中库018架B面2列5层16/ [索取号:J292.24/10] | 在馆 |